000 00425nam a2200169Ia 4500
008 230524s9999 xx 000 0 und d
020 _a9788177585674
082 _a4.74
_bSIN
100 _aS.K.Singh
245 0 _a"Database Systems: Concepts, Design and Applications"
250 _a3RD
260 _aNEW DELHI
_bPearson
_c2009
300 _aXXII;863
500 _aQuantity Number: 5
650 _aComp-Sc
942 _cBK
999 _c45404
_d45404